In the First Session of The Eighth Parliament of the Fourth Republic of Ghana by the Speaker: Formal Communication By the Speaker (unedited) (Record no. 1466)

MARC details
000 -LEADER
fixed length control field 00679nam a2200157Ia 4500
008 - FIXED-LENGTH DATA ELEMENTS--GENERAL INFORMATION
fixed length control field 240428s9999||||xx |||||||||||||| ||und||
041 ## - LANGUAGE CODE
Language code of text/sound track or separate title eng
082 ## - DEWEY DECIMAL CLASSIFICATION NUMBER
Classification number PG/FCS/21
100 ## - MAIN ENTRY--PERSONAL NAME
Personal name Parliament of Ghana (Inter-Departmental Research and Information Group).
245 #0 - TITLE STATEMENT
Title In the First Session of The Eighth Parliament of the Fourth Republic of Ghana by the Speaker: Formal Communication By the Speaker (unedited)
260 ## - PUBLICATION, DISTRIBUTION, ETC.
Name of publisher, distributor, etc. Parliament of Ghana (Inter-Departmental Research and Information Group).
Place of publication, distribution, etc. Accra
Date of publication, distribution, etc. 2021
300 ## - PHYSICAL DESCRIPTION
Extent 61p.
650 ## - SUBJECT ADDED ENTRY--TOPICAL TERM
Topical term or geographic name entry element Formal Communication By the Speaker (unedited) - Alban Sumana Kingsford Bagbin -Speaker of Parliament
942 ## - ADDED ENTRY ELEMENTS (KOHA)
Koha item type Parliamentary Papers
Holdings
Withdrawn status Lost status Damaged status Not for loan Home library Current library Shelving location Date acquired Total checkouts Full call number Date last seen Copy number Price effective from Koha item type
        Main Library Main Library Parliamentary Papers 22/07/2022   PG/FCS/21 1567 29/04/2024 1 29/04/2024 Parliamentary Papers
©2026  Parliament of Ghana Library - All rights reserved